| 000 | 01301nam a2200313Ia 4500 | ||
|---|---|---|---|
| 001 | ebr10406913 | ||
| 003 | CaPaEBR | ||
| 006 | m u | ||
| 007 | cr cn||||||||| | ||
| 008 | 091123s2010 miuaf sb s001 0deng d | ||
| 010 | _z 2009047781 | ||
| 020 | _z9780472117178 | ||
| 040 |
_aCaPaEBR _cCaPaEBR |
||
| 035 | _a(OCoLC)657217551 | ||
| 050 | 1 | 4 |
_aPS3529.N5 _bZ6776 2010eb |
| 082 | 0 | 4 |
_a812/.52 _aB _222 |
| 100 | 1 |
_aKing, W. D. _q(W. Davies) |
|
| 245 | 1 | 0 |
_aAnother part of a long story _h[electronic resource] : _bliterary traces of Eugene O'Neill and Agnes Boulton / _cWilliam Davies King. |
| 260 |
_aAnn Arbor : _bUniversity of Michigan Press, _c2010. |
||
| 300 |
_axix, 299 p., [8] p. of plates : _bill. |
||
| 504 | _aIncludes bibliographical references and index. | ||
| 533 |
_aElectronic reproduction. _bPalo Alto, Calif. : _cebrary, _d2010. _nAvailable via World Wide Web. _nAccess may be limited to ebrary affiliated libraries. |
||
| 600 | 1 | 0 |
_aO'Neill, Eugene, _d1888-1953. |
| 600 | 1 | 0 |
_aBoulton, Agnes, _d1893-1968. |
| 650 | 0 |
_aDramatists, American _y20th century _vBiography. |
|
| 655 | 7 |
_aElectronic books. _2local |
|
| 710 | 2 | _aebrary, Inc. | |
| 856 | 4 | 0 |
_uhttp://site.ebrary.com/lib/rucke/Doc?id=10406913 _zAn electronic book accessible through the World Wide Web; click to view |
| 999 |
_c81201 _d81201 |
||